000 00320nam a22001457a 4500
008 210526b ||||| |||| 00| 0 eng d
020 _a9781587656811
041 _aeng
080 _26th
_a61
082 _a61
100 _a3
101 _aSHM
245 _aMagill's Medical Guide
_cBrandon P. Brown
942 _2udc
_cBK
999 _c57639
_d57639